[Event "Eq:au plaisir du jeux -O fou d hello :"]
[Site "www.echecsemail.com"]
[Date "2026.02.02"]
[Round "1"]
[White "Sanvic76"]
[Black "Chessgaston"]
[WhiteElo "1860"]
[BlackElo "2130"]
[Result "0-1"]
1.d4 Ng8f6
2.e3 d5
3.Bf1d3 Nb8d7
4.f4 e6
5.Ng1f3 Bf8e7
6.O-O O-O
7.Bc1d2 a6
8.Bd2e1 c5
9.c3 c4
10.Bd3c2 b5
11.Nf3e5 Bc8b7
12.Nb1d2 Ra8c8
13.Rf1f3 Rf8e8
14.Rf3h3 Nd7f8
15.Be1h4 Nf6e4
16.Bh4xe7 Qd8xe7
17.Nd2f3 f6
18.Ne5g4 Nf8d7
19.Nf3d2 e5
20.fxe5 fxe5
21.Bc2xe4 dxe4
22.Qd1c2 exd4
23.exd4 Nd7f6
24.Ng4e5 Qe7d6
25.Ra1f1 Rc8d8
26.Rf1f4 Re8xe5
27.dxe5 Qd6xe5
28.Rf4f1 Nf6h5
29.Rf1e1 Nh5f4
30.Rh3e3 Nf4d3
31.Re1e2 Qe5c5
32.Kh1 Nd3f2
33.Kg1 Rd8f8
34.h3 Nf2d3
35.Kh2 Qc5e5
36.Re3g3 Rf8f6
37.Nd2f3 Qe5f4
38.Nf3d2 h5
39.h4 Qf4xh4
40.Rg3h3 Qh4g4
41.Nd2f1 Rf6xf1
42.b3 Qg4f4
43.g3 Qf4f3
44.Re2g2 Nd3f2
{ abandon }0-1

[Event "Défi( 10J+24H/c 10J Max )"]
[Site "www.echecsemail.com"]
[Date "2026.02.02"]
[Round "1"]
[White "Lancov"]
[Black "Alain34"]
[WhiteElo "1930"]
[BlackElo "2090"]
[Result "0-1"]
1.e4 d6
2.d4 Ng8f6
3.Nb1c3 g6
4.f3 Bf8g7
5.Ng1e2 c6
6.Bc1e3 Nb8d7
7.Qd1d2 b5
8.Be3h6 Bg7xh6
9.Qd2xh6 a5
10.f4 b4
11.Nc3d1 Nf6xe4
12.Qh6g7 Rh8f8
13.Qg7xh7 Nd7f6
14.Qh7h4 Qd8b6
15.Nd1f2 Bc8a6
16.O-O-O a4
17.Nf2xe4 Nf6xe4
18.g4 d5
19.Qh4e1 Ba6c4
20.Kb1 b3
21.cxb3 a3
22.Ne2c3 Bc4xb3
23.axb3 Qb6xb3
{ abandon }0-1

[Event "BERNARD MAS"]
[Site "www.echecsemail.com"]
[Date "2026.02.02"]
[Round "1"]
[White "Patau"]
[Black "4x4"]
[WhiteElo "1670"]
[BlackElo "1490"]
[Result "1-0"]
1.e4 e5
2.Ng1f3 d6
3.d4 Bc8g4
4.dxe5 Bg4xf3
5.Qd1xf3 dxe5
6.Bf1c4 f6
7.O-O Ng8e7
8.Qf3b3 Nb8c6
9.Bc4f7 Kd7
10.Qb3e6 1-0

[Event "Amical( 10J+24H/c 10J Max )"]
[Site "www.echecsemail.com"]
[Date "2026.02.02"]
[Round "1"]
[White "Kiki24"]
[Black "Matsonic"]
[WhiteElo "1850"]
[BlackElo "1790"]
[Result "1/2-1/2"]
1.c4 Ng8f6
2.g3 e5
3.Bf1g2 d5
4.cxd5 Nf6xd5
5.Nb1c3 Nd5xc3
6.bxc3 c6
7.d3 Bf8e7
8.Ng1f3 Be7f6
9.Bc1b2 Qd8c7
10.O-O O-O
11.Qd1c2 Nb8d7
12.e3 c5
13.Nf3d2 Ra8b8
14.Ra1b1 b5
15.Nd2e4 Bf6e7
16.Rf1d1 Nd7f6
17.Ne4xf6 Be7xf6
18.a3 Rf8d8
19.Qc2e2 a5
20.h3 Bc8b7
21.e4 b4
22.cxb4 axb4
23.axb4 cxb4
24.Rb1c1 Qc7e7
25.f4 exf4
26.gxf4 Bf6xb2
27.Qe2xb2 Bb7a6
28.d4 Ba6b7
29.d5 Qe7d6
30.e5 Qd6g6
31.Kh2 Bb7c8
32.d6 Bc8e6
33.Rc1c7 Qg6f5
34.Qb2b1 Qf5xb1
35.Rd1xb1 b3
36.Rb1b2 Rd8d7
37.Rc7c3 Kf8
38.Bg2f3 g6
39.Bf3g4 f5
40.Bg4d1 Rd7b7
41.Kg3 h6
42.h4 h5
43.Kf3 Ke8
44.Ke3 Rb7b4
45.Bd1f3 Rb8c8
46.Rc3xc8 Be6xc8
47.Bf3d5 Kd7
48.Rb2xb3 Rb4xb3
49.Bd5xb3 Ke8
50.Kd4 Bc8d7
51.Kc5 Kd8
52.Bb3f7 Bd7a4
53.Bf7xg6 Ba4c2
54.e6 { nul }1/2-1/2

[Event "Défi"]
[Site "www.echecsemail.com"]
[Date "2026.02.02"]
[Round "1"]
[White "Gambitmiau"]
[Black "Petain"]
[WhiteElo "1400"]
[BlackElo "1710"]
[Result "0-1"]
1.e4 e5
2.Ng1f3 d6
3.Bf1e2 Ng8f6
4.Be2c4 h6
5.d3 Bf8e7
6.Nb1c3 c6
7.Bc1e3 a5
8.Nf3h4 Nf6xe4
9.dxe4 Be7xh4
10.g3 Bh4f6
11.a4 Bc8e6
12.Bc4xe6 fxe6
13.Qd1h5 Ke7
14.O-O Qd8e8
15.Qh5e2 Qe8f7
16.f4 Rh8e8
17.fxe5 dxe5
18.Be3c5 Kd7
19.Qe2d2 Kc8
20.Bc5b6 Nb8d7
21.Bb6c5 Nd7xc5
22.Ra1d1 Qf7c7
23.b3 Qc7b6
24.Qd2e3 Bf6g5
25.Qe3e2 Nc5xe4
26.Kh1 Ne4xc3
27.Qe2xe5 Nc3xd1
28.Rf1xd1 Qb6c7
29.Qe5d6 Qc7xd6
30.Rd1xd6 Kc7
31.Rd6d1 e5
32.Rd1f1 e4
33.h4 Bg5f6
34.Rf1e1 e3
35.h5 e2
36.Kg2 Bf6c3
37.Kf3 Bc3xe1
{ abandon }0-1

[Event "Eq:modesty-Avalon :"]
[Site "www.echecsemail.com"]
[Date "2026.02.02"]
[Round "1"]
[White "Thierry7ardeche"]
[Black "Di67"]
[WhiteElo "2090"]
[BlackElo "1360"]
[Result "1-0"]
1.e4 e5
2.Bf1c4 Qd8h4
3.Nb1c3 Bf8c5
4.Qd1f3 Ng8f6
5.d3 d6
6.g3 Qh4g4
7.Bc1e3 Nb8d7
8.Nc3b5 O-O
9.Nb5xc7 Ra8b8
10.h3 Qg4h5
11.Qf3xh5 Nf6xh5
12.Kd2 Bc5xe3
13.Kxe3 Nd7c5
14.Nc7b5 a6
15.Nb5xd6 b5
16.Bc4b3 Nc5xb3
17.axb3 b4
18.Ng1f3 f6
19.Nd6xc8 Rb8xc8
20.Kd2 Rc8a8
21.Ra1a5 f5
22.exf5 Rf8xf5
23.Ke3 Nh5f6
24.Ra5xe5 Rf5xe5
25.Nf3xe5 Nf6d5
26.Ke4 Nd5f6
27.Kd4 Ra8d8
28.Ke3 Rd8e8
29.f4 Nf6d5
30.Kd2 a5
31.Rh1a1 Re8a8
32.Ne5c6 a4
33.Ra1xa4 Ra8c8
34.Nc6xb4 Nd5b6
35.Ra4a1 Rc8b8
36.Nb4c6 Rb8b7
37.Nc6e5 Nb6d5
38.Ra1a8 Rb7b8
39.Ra8xb8 1-0

[Event "Défi"]
[Site "www.echecsemail.com"]
[Date "2026.02.02"]
[Round "1"]
[White "Joelcouturier"]
[Black "Solnic"]
[WhiteElo "1210"]
[BlackElo "1280"]
[Result "1-0"]
1.e4 e5
2.Ng1f3 d6
3.Nb1c3 a6
4.d4 exd4
5.Nf3xd4 c5
6.Nd4f3 Bc8g4
7.Bf1e2 g6
8.Nc3d5 Bf8g7
9.h3 Bg4xf3
10.Be2xf3 Qd8a5
11.Bc1d2 Qa5b5
12.Nd5c7 Kd7
13.Nc7xb5 axb5
14.Bf3g4 Kc6
15.O-O h5
16.Bg4c8 Ng8f6
17.Bd2f4 Nf6xe4
18.f3 Ne4f6
19.Qd1xd6 1-0

[Event "Tournoi n27392"]
[Site "www.echecsemail.com"]
[Date "2026.02.02"]
[Round "1"]
[White "Lancien57"]
[Black "Fouvolant"]
[WhiteElo "1440"]
[BlackElo "1430"]
[Result "0-1"]
1.e4 c5
2.Nb1c3 Nb8c6
3.Ng1f3 a6
4.d4 cxd4
5.Nf3xd4 d6
6.Nd4xc6 bxc6
7.Bf1e2 e6
8.Be2f3 Qd8c7
9.O-O Ng8f6
10.Rf1e1 e5
11.Bc1g5 Bf8e7
12.a3 Bc8e6
13.Nc3e2 O-O
14.Ne2g3 Rf8d8
15.Ng3f5 Be6xf5
16.exf5 d5
17.Bg5xf6 Be7xf6
18.c3 e4
19.Bf3g4 Qc7b6
20.b4 Bf6xc3
21.Ra1c1 Bc3xe1
22.Qd1xe1 f6
23.a4 Ra8b8
24.a5 Qb6xb4
25.Qe1f1 Qb4xa5
26.Rc1a1 Qa5b5
27.Bg4e2 Qb5b2
28.Be2xa6 Qb2e5
29.g4 Qe5f4
30.Ba6e2 d4
31.Ra1c1 d3
32.Be2xd3 exd3
33.Rc1xc6 Qf4xg4
34.Kh1 Qg4f3
35.Qf1g2 Rb8b1
{ abandon }0-1

[Event "Coupe Niveau 4"]
[Site "www.echecsemail.com"]
[Date "2026.02.02"]
[Round "1"]
[White "Carrighir"]
[Black "Patau"]
[WhiteElo "2110"]
[BlackElo "1700"]
[Result "1-0"]
1.e4 e5
2.Ng1f3 Nb8c6
3.Bf1b5 a6
4.Bb5a4 b5
5.Ba4b3 Nc6a5
6.Bb3xf7 Kxf7
7.Nf3xe5 Ke8
8.Qd1h5 g6
9.Ne5xg6 Ng8f6
10.Qh5e5 Kf7
11.Ng6xh8 Kg8
12.d4 Kxh8
13.Bc1g5 Bf8g7
14.Nb1c3 Na5c4
15.Qe5g3 Nc4xb2
16.e5 Qd8e7
17.O-O Nf6h5
18.Qg3h4 Qe7f7
19.f4 d6
20.Ra1e1 Bg7f8
21.Nc3e4 Bc8f5
22.Ne4f6 Nh5xf6
23.Bg5xf6 Bf8g7
24.Rf1f3 Bg7xf6
25.exf6 Ra8e8
26.Re1e7 Re8xe7
27.fxe7 Nb2c4
28.Rf3g3 Qf7e6
29.Qh4f6 Qe6xf6
30.e8Q { abandon }1-0

[Event "Défi( 10J+24H/c 10J Max )"]
[Site "www.echecsemail.com"]
[Date "2026.02.02"]
[Round "1"]
[White "Tiounet"]
[Black "Titit1"]
[WhiteElo "1570"]
[BlackElo "1480"]
[Result "1-0"]
1.a3 d5
2.b4 Ng8f6
3.Bc1b2 Bc8f5
4.d3 Nb8c6
5.g3 e6
6.Bf1g2 Bf8d6
7.Ng1f3 e5
8.O-O O-O
9.Nb1d2 d4
10.c3 dxc3
11.Bb2xc3 Qd8d7
12.b5 Nc6e7
13.Nf3xe5 Bd6xe5
14.Bc3xe5 Nf6d5
15.e4 Bf5h3
16.exd5 Ne7xd5
17.Be5b2 Rf8e8
18.Rf1e1 Re8xe1
19.Qd1xe1 Ra8e8
20.Qe1c1 Nd5e7
21.Bg2xb7 Re8b8
22.Bb7c6 Ne7xc6
23.Qc1xc6 Qd7xd3
24.Bb2c1 Qd3e2
25.Bc1b2 Qe2xd2
26.Qc6c3 Qd2xc3
27.Bb2xc3 Rb8d8
28.a4 Rd8d3
29.Ra1c1 f6
30.Bc3a5 Rd3d7
31.Ba5xc7 Kf7
32.Bc7b8 Kg6
33.a5 h5
34.b6 axb6
35.axb6 Rd7b7
36.Bb8c7 Kf7
37.Rc1a1 g5
38.Ra1a7 Rb7xa7
39.bxa7 Bh3c8
40.a8Q Bc8d7
41.Qa8a6 Kg6
42.Bc7d8 h4
43.Qa6xf6 Kh5
44.Qf6xg5 1-0

[Event "2601"]
[Site "www.echecsemail.com"]
[Date "2026.02.02"]
[Round "1"]
[White "Qsdmlk"]
[Black "4x4"]
[WhiteElo "1510"]
[BlackElo "1470"]
[Result "0-1"]
1.d4 d5
2.Ng1f3 e6
3.e3 Ng8f6
4.Bf1b5 c6
5.Bb5a4 b5
6.Ba4b3 a5
7.c3 Nf6e4
8.O-O f5
9.Nf3e5 Nb8d7
10.Ne5xc6 Qd8b6
11.Nc6e5 Nd7xe5
12.dxe5 a4
13.Bb3c2 Qb6b8
14.b3 Qb8xe5
15.Nb1d2 Qe5xc3
16.Ra1b1 Ne4xd2
17.Bc1b2 Qc3b4
18.a3 Qb4g4
19.Qd1xd2 Bc8b7
20.f3 Qg4g5
21.Qd2d4 O-O-O
22.bxa4 Kb8
23.Qd4b6 Bf8d6
24.a5 Rd8c8
25.a6 Rc8c7
26.axb7 Bd6c5
27.Bb2e5 Bc5xb6
28.f4 Qg5g6
29.Be5xc7 Bb6xc7
30.Rb1xb5 Rh8d8
31.Bc2a4 Rd8d6
32.Rf1c1 Rd6b6
33.Rb5c5 Rb6xb7
34.Ba4c6 Rb7b6
35.a4 Rb6b2
{ abandon }0-1

[Event "BHOUTAN"]
[Site "www.echecsemail.com"]
[Date "2026.02.02"]
[Round "1"]
[White "Mindthegap"]
[Black "4x4"]
[WhiteElo "1440"]
[BlackElo "1450"]
[Result "1-0"]
1.e4 e5
2.Ng1f3 Ng8f6
3.Nf3xe5 d6
4.Ne5f3 Nf6xe4
5.Nb1c3 Ne4xc3
6.dxc3 Bc8g4
7.Bf1e2 Nb8c6
8.O-O Qd8d7
9.Rf1e1 O-O-O
10.Nf3d4 Bg4xe2
11.Qd1xe2 Bf8e7
12.Bc1e3 Nc6xd4
13.Be3xd4 Rh8e8
14.Bd4xg7 f6
15.Ra1d1 Re8g8
16.Bg7h6 Be7f8
17.Bh6xf8 Rd8xf8
18.g3 Rf8e8
19.Qe2f3 Re8xe1
20.Rd1xe1 Rg8e8
21.Re1xe8 Qd7xe8
22.Qf3e3 Qe8xe3
23.fxe3 c5
24.h4 Kd7
25.Kf2 h5
26.Kf3 Ke6
27.Kf4 b6
28.g4 hxg4
29.h5 g3
30.Kxg3 Kf5
31.Kh4 Ke4
32.h6 f5
33.h7 Kxe3
34.h8Q f4
35.Qh8e8 Kf3
36.Qe8h5 Ke3
37.Kg4 f3
38.Qh5h3 Ke2
39.Qh3xf3 Kd2
40.Qf3d3 Kc1
41.b3 Kb2
42.Kf3 Kxa2
43.Qd3a6 Kb2
44.Ke2 Kxc2
45.Qa6a2 Kxc3
46.Qa2xa7 b5
47.Qa7a1 Kxb3
48.Qa1d1 Kc4
49.Qd1xd6 b4
50.Qd6d3 1-0

[Event "Coupe Niveau 3"]
[Site "www.echecsemail.com"]
[Date "2026.02.02"]
[Round "1"]
[White "Verson"]
[Black "Elghribi"]
[WhiteElo "1850"]
[BlackElo "1930"]
[Result "1-0"]
1.d4 Ng8f6
2.Ng1f3 g6
3.Bc1f4 Bf8g7
4.e3 O-O
5.Bf1d3 Nb8c6
6.c3 d6
7.Nb1d2 h6
8.O-O Nf6h5
9.Bf4g3 Nh5xg3
10.hxg3 e5
11.d5 Nc6e7
12.e4 f5
13.Ra1c1 g5
14.exf5 Ne7xf5
15.Nd2e4 Bc8d7
16.b3 Nf5e7
17.Bd3b1 Bd7e8
18.Qd1e2 Ne7xd5
19.Rf1d1 Be8f7
20.c4 Nd5f6
21.Ne4xf6 Qd8xf6
22.Qe2e4 Rf8b8
23.Nf3h2 c6
24.Nh2g4 Qf6e7
25.Qe4h7 Kf8
26.Ng4xh6 Rb8d8
27.Rd1d3 Bg7xh6
28.Qh7xh6 Ke8
29.Rc1d1 d5
30.cxd5 cxd5
31.Rd1e1 Rd8d6
32.Qh6h8 Qe7f8
33.Re1xe5 Kd7
34.Qh8xf8 Ra8xf8
35.Re5xg5 { abandon }1-0

[Event "Défi( 10J+24H/c 10J Max )"]
[Site "www.echecsemail.com"]
[Date "2026.02.02"]
[Round "1"]
[White "Titit1"]
[Black "Tiounet"]
[WhiteElo "1480"]
[BlackElo "1570"]
[Result "0-1"]
1.d4 b5
2.e4 Bc8b7
3.Ng1f3 Bb7xe4
4.Nf3g5 Be4b7
5.Qd1h5 g6
6.Qh5e2 Bf8g7
7.c3 a6
8.Bc1f4 Ng8f6
9.Nb1d2 O-O
10.f3 d6
11.Qe2d3 Nb8d7
12.Bf1e2 c5
13.dxc5 Nd7xc5
14.O-O Nc5xd3
15.Be2xd3 Qd8b6
16.Kh1 Nf6d5
17.Bf4g3 Ra8c8
18.Nd2e4 Qb6e3
19.Bd3c2 f5
20.Rf1e1 Qe3b6
21.Ne4d2 e5
22.Ng5e6 Rf8e8
23.Ne6g5 f4
24.Bg3h4 Nd5e3
25.Nd2e4 Ne3xc2
26.Re1d1 Nc2xa1
27.Rd1xa1 Bb7xe4
28.Ng5xe4 Qb6e3
29.Ra1e1 Qe3d3
30.Ne4g5 Qd3d2
31.h3 Qd2xb2
32.Ng5e4 Rc8c6
33.Kh2 Qb2xa2
34.Bh4f6 d5
35.Bf6xg7 Kxg7
36.Ne4g5 Rc6xc3
37.h4 h6
38.Ng5h3 Rc3xf3
39.Nh3g1 Rf3f2
40.Re1e2 Rf2xe2
41.Ng1xe2 Qa2xe2
42.Kh3 Re8c8
43.g3 Rc8c3
44.h5 Qe2xh5
45.Kg2 Rc3xg3
46.Kf2 Qh5h2
47.Ke1 Rg3g1
0-1

[Event "Défi"]
[Site "www.echecsemail.com"]
[Date "2026.02.02"]
[Round "1"]
[White "Tiounet"]
[Black "Fr7d"]
[WhiteElo "1650"]
[BlackElo "1650"]
[Result "0-1"]
1.a3 e5
2.b4 Ng8f6
3.Bc1b2 d6
4.g3 Bc8e6
5.Bf1g2 Nb8c6
6.e3 Bf8e7
7.Ng1e2 O-O
8.O-O a6
9.d3 d5
10.Nb1d2 e4
11.dxe4 Nf6xe4
12.Nd2xe4 h6
13.Ne4c3 Be7f6
14.Ra1b1 d4
15.exd4 Qd8d7
16.Nc3e4 Be6g4
17.Ne4xf6 gxf6
18.Rf1e1 Ra8e8
19.f3 Bg4h3
20.Bg2h1 Kh7
21.Ne2f4 Re8d8
22.Nf4xh3 Qd7xh3
23.Qd1e2 Rf8g8
24.Qe2e4 f5
25.Qe4f4 f6
26.Re1e6 Rd8d6
27.Rb1e1 Rd6xe6
28.Qf4xc7 Rg8g7
29.Qc7f4 Re6xe1
30.Kf2 Qh3f1
0-1

[Event "Tournoi n27397"]
[Site "www.echecsemail.com"]
[Date "2026.02.02"]
[Round "1"]
[White "Katastrofic"]
[Black "Jeff75019"]
[WhiteElo "1360"]
[BlackElo "1460"]
[Result "1-0"]
1.e4 e5
2.Bf1c4 Ng8f6
3.d3 d6
4.h3 Nb8c6
5.Bc4b5 Bf8e7
6.Bb5xc6 bxc6
7.Ng1f3 Bc8a6
8.Bc1g5 d5
9.Nf3xe5 dxe4
10.Bg5xf6 Be7xf6
11.d4 c5
12.c3 O-O
13.f4 Bf6h4
14.Kd2 cxd4
15.Ne5c6 Qd8d7
16.Nc6xd4 c5
17.Kc2 Ba6d3
18.Kd2 Ra8b8
19.b3 c4
20.Qd1g4 Qd7e7
21.Nd4c6 e3
22.Kc1 Qe7e4
23.Nc6xb8 Rf8xb8
24.Qg4xh4 e2
25.Nb1d2 Qe4e8
26.Rh1e1 a5
27.f5 a4
28.Qh4d4 Rb8a8
29.Nd2xc4 Ra8d8
30.Qd4f4 Rd8a8
31.Nc4e5 axb3
32.Ne5xd3 h6
33.Nd3b4 Qe8c8
34.Qf4d2 Qc8xf5
35.Re1xe2 Qf5f1
36.Re2e1 Qf1f6
37.Nb4d5 Qf6a6
38.Nd5c7 Qa6xa2
39.Ra1xa2 bxa2
40.Kb2 Ra8a7
41.Re1a1 Ra7xc7
42.Qd2d8 Kh7
43.Qd8xc7 { abandon }1-0

[Event "Tournoi échelle champions"]
[Site "www.echecsemail.com"]
[Date "2026.02.02"]
[Round "1"]
[White "Verson"]
[Black "Elghribi"]
[WhiteElo "1800"]
[BlackElo "1930"]
[Result "0-1"]
1.d4 Ng8f6
2.Ng1f3 g6
3.Bc1f4 Bf8g7
4.e3 O-O
5.Bf1d3 d6
6.Nb1d2 Nb8c6
7.c3 e5
8.O-O exf4
9.exf4 Nc6e7
10.Nd2e4 Ne7d5
11.Ne4xf6 Qd8xf6
12.g3 Bc8g4
13.Kg2 Rf8e8
14.Rf1e1 a6
15.Qd1d2 Bg7h6
16.Re1xe8 Ra8xe8
17.Ra1e1 Re8xe1
18.Qd2xe1 Qf6e7
{ abandon }0-1

[Event "CHATURANGA"]
[Site "www.echecsemail.com"]
[Date "2026.02.02"]
[Round "1"]
[White "Woluwe1975"]
[Black "Mindthegap"]
[WhiteElo "1640"]
[BlackElo "1460"]
[Result "1-0"]
1.e4 e5
2.Ng1f3 Ng8f6
3.Bf1c4 Nf6xe4
4.Nf3xe5 d5
5.Bc4b3 Qd8g5
6.d4 Qg5xg2
7.Qd1f3 Qg2xf3
8.Ne5xf3 Bc8g4
9.Nf3g1 c6
10.f3 Bg4f5
11.Bc1e3 Bf8e7
12.Nb1d2 Be7h4
13.Ke2 O-O
14.fxe4 Bf5g4
15.Ng1f3 Bg4xf3
16.Nd2xf3 Bh4f6
17.e5 Bf6d8
18.Rh1g1 Nb8d7
19.Be3h6 g6
20.Bh6xf8 Nd7xf8
21.c3 Bd8b6
22.Ra1d1 Nf8d7
23.Rd1e1 Ra8e8
24.Kd2 c5
25.Bb3c2 cxd4
26.cxd4 Bb6a5
27.Kd1 f6
28.e6 Nd7b6
29.Re1e3 Nb6c4
30.Re3e2 Nc4xb2
31.Kc1 Nb2c4
32.Bc2d3 Re8c8
33.Kb1 Nc4a3
34.Kb2 Na3c4
35.Bd3xc4 Rc8xc4
36.Rg1c1 Rc4b4
37.Ka3 Rb4b6
38.Re2b2 { abandon }1-0

[Event "Suisse Sep25 R7"]
[Site "www.echecsemail.com"]
[Date "2026.02.02"]
[Round "1"]
[White "Aperturaf"]
[Black "Alizarine"]
[WhiteElo "2820"]
[BlackElo "2530"]
[Result "1-0"]
1.e4 c5
2.Ng1f3 d6
3.d4 cxd4
4.Qd1xd4 Nb8c6
5.Bf1b5 Bc8d7
6.Bb5xc6 Bd7xc6
7.Nb1c3 Ng8f6
8.Bc1g5 e6
9.O-O-O Bf8e7
10.Rh1e1 O-O
11.a3 Qd8a5
12.Qd4b4 Qa5xb4
13.axb4 Rf8d8
14.Nf3d4 h6
15.Bg5h4 g5
16.Bh4g3 Nf6h5
17.Nd4xc6 bxc6
18.b5 Nh5xg3
19.hxg3 c5
20.Kd2 a6
21.b6 Ra8b8
22.Nc3a4 Rd8d7
23.Ke2 Kg7
24.b3 Rb8c8
25.c4 a5
26.Rd1d3 h5
27.f4 Kg6
28.Re1d1 Rc8c6
29.f5 exf5
30.e5 f6
31.Rd3d5 fxe5
32.Rd5xc5 Rc6xc5
33.Na4xc5 Rd7d8
34.Nc5a6 Rd8d7
35.Na6c7 Rd7d8
36.Nc7d5 Kf7
37.Rd1a1 Rd8b8
38.Ra1xa5 Be7d8
39.Ra5a7 Ke6
40.Ra7h7 h4
41.gxh4 gxh4
42.b7 f4
43.Nd5b4 h3
44.gxh3 e4
45.Nb4c6 f3
46.Kf1 e3
47.Nc6d4 Kf6
48.Nd4xf3 Bd8e7
49.Nf3d4 Rb8xb7
50.Nd4c6 Rb7xb3
51.Nc6xe7 { abandon }1-0

[Event "Coupe Niveau 3"]
[Site "www.echecsemail.com"]
[Date "2026.02.02"]
[Round "1"]
[White "Verson"]
[Black "Elghribi"]
[WhiteElo "1870"]
[BlackElo "1930"]
[Result "0-1"]
1.d4 Ng8f6
2.Ng1f3 g6
3.e3 Bf8g7
4.Bf1d3 O-O
5.Nb1d2 d6
6.O-O Nb8c6
7.c3 e5
8.e4 h6
9.Rf1e1 Nf6d7
10.Nd2b3 f5
11.Bc1d2 f4
12.dxe5 Nd7xe5
13.Bd3c2 Bc8g4
14.Nb3d4 Ne5c4
15.h3 Bg4xf3
16.Nd4xf3 Nc6e5
17.Nf3xe5 Nc4xe5
18.f3 Qd8h4
19.Qd1e2 c6
20.Qe2f2 Qh4f6
21.b3 g5
22.Ra1d1 b6
23.Bd2c1 Ra8d8
24.c4 Rd8d7
25.Bc1b2 Ne5xf3
26.Qf2xf3 Qf6xb2
27.Bc2b1 Rf8d8
28.Re1e2 Qb2e5
29.Re2d2 Qe5c5
30.Kh2 Qc5e5
31.g3 fxg3
32.Qf3xg3 Rd8f8
33.Qg3xe5 Bg7xe5
34.Kg2 Rd7f7
35.Bb1d3 Be5d4
36.Rd1f1 c5
37.Rf1xf7 Rf8xf7
38.Bd3c2 Kg7
39.Rd2e2 Rf7f4
40.Kg3 Bd4e5
41.Re2f2 Rf4xe4
42.Kg2 Re4e3
43.Rf2f3 Re3e2
44.Rf3f2 Re2xf2
45.Kxf2 Kf6
46.Kf3 h5
47.Bc2e4 Be5d4
48.Be4d3 Bd4b2
49.Ke4 g4
50.hxg4 h4
51.Kf4 Bb2e5
52.Kf3 Kg5
53.Bd3f1 Be5g3
54.Bf1h3 a6
55.Ke4 b5
56.cxb5 axb5
57.a3 b4
58.axb4 cxb4
59.Kd4 Bg3f2
60.Kd5 Bf2c5
61.Ke4 Bc5f2
62.Kf3 Bf2c5
63.Ke4 Bc5f2
64.Kf3 Bf2g3
65.Bh3f1 d5
66.Bf1d3 Bg3e5
67.Bd3f1 Be5h2
68.Kg2 Bh2d6
69.Kh3 Bd6e7
70.Bf1e2 Kf4
71.Be2d3 Ke3
72.Bd3f5 d4
{ abandon }0-1

[Event "CHATURANGA"]
[Site "www.echecsemail.com"]
[Date "2026.02.02"]
[Round "1"]
[White "Titit1"]
[Black "4x4"]
[WhiteElo "1480"]
[BlackElo "1450"]
[Result "1-0"]
1.e4 e5
2.Ng1f3 Ng8f6
3.Bf1c4 Nb8c6
4.Nf3g5 d6
5.Bc4xf7 Kd7
6.Bf7e6 Ke7
7.Be6c4 h6
8.Ng5f7 Qd8e8
9.Nf7xh8 Bc8e6
10.Bc4xe6 Kxe6
11.Qd1f3 g6
12.Qf3h3 Ke7
13.Qh3g3 Bf8g7
14.Nh8xg6 Kd7
15.Nb1c3 Ra8d8
16.Ng6h4 Nf6h5
17.Qg3h3 Ke7
18.Nc3d5 Kf7
19.Qh3f5 Nh5f6
20.Qf5g6 Kf8
21.Qg6f5 Kg8
22.Nd5xf6 Bg7xf6
23.Qf5xf6 Qe8f7
24.Qf6xf7 Kxf7
25.O-O Nc6d4
26.Rf1e1 Nd4xc2
27.Re1e2 Nc2xa1
28.d3 c5
29.b3 b5
30.Bc1b2 a5
31.Bb2xa1 Kf6
32.Nh4f5 c4
33.dxc4 bxc4
34.bxc4 Rd8c8
35.Nf5xd6 Rc8c6
36.Re2d2 Ke6
37.Nd6e8 Rc6xc4
38.f3 Ke7
39.Ne8g7 Rc4c1
40.Kf2 Rc1xa1
41.Ng7f5 Ke6
42.Nf5xh6 Ra1b1
43.Ke3 Rb1b6
44.Nh6g4 Rb6b5
45.Rd2d3 Rb5b2
46.Rd3d2 Rb2b8
47.h4 Rb8h8
48.g3 Rh8g8
49.Kf2 Rg8b8
50.h5 a4
51.f4 exf4
52.gxf4 a3
53.Ke3 Rb8b2
54.h6 Kf7
55.f5 Rb2b4
56.Ng4e5 Kf6
57.Kf4 Rb4b2
58.Rd2d6 Ke7
59.Rd6e6 Kf8
60.f6 Rb2xa2
61.Re6e7 Ra2f2
62.Ne5f3 a2
63.Re7a7 Ke8
64.h7 Kf8
65.h8Q 1-0

[Event "Michael Tal 30"]
[Site "www.echecsemail.com"]
[Date "2026.02.02"]
[Round "1"]
[White "Emmanuel"]
[Black "Connecticcut"]
[WhiteElo "1950"]
[BlackElo "1900"]
[Result "1-0"]
1.e4 e5
2.f4 Nb8c6
3.Bf1c4 exf4
4.Ng1f3 Bf8c5
5.d4 Bc5b6
6.Bc1xf4 h6
7.O-O d6
8.c3 Ng8f6
9.Kh1 O-O
10.Bc4b3 Nf6xe4
11.Bb3c2 d5
12.Nb1d2 Bc8f5
13.Nd2xe4 Bf5xe4
14.Nf3e5 Nc6xe5
15.Bf4xe5 Qd8g5
16.Bc2xe4 dxe4
17.Be5f4 Qg5g6
18.Qd1e2 f5
19.Ra1e1 Kh7
20.Qe2c4 Rf8f7
21.Re1e3 Ra8f8
22.Re3g3 Qg6f6
23.Bf4e5 Qf6c6
24.Qc4b4 g6
25.Rg3h3 h5
26.c4 a5
27.Qb4c3 f4
28.c5 f3
29.g4 Qc6e6
30.cxb6 Qe6xg4
31.Rh3g3 Qg4c8
32.bxc7 b6
33.Be5d6 Rf8e8
34.Qc3e3 Qc8d7
35.Bd6e5 Qd7b5
36.Qe3f2 Qb5d3
37.Rf1e1 Rf7f5
38.Re1g1 g5
39.Rg3xg5 Rf5xg5
40.Rg1xg5 Qd3d1
41.Rg5g1 Qd1d3
42.Qf2g3 { abandon }1-0

[Event "FARSCHWILLER"]
[Site "www.echecsemail.com"]
[Date "2026.02.02"]
[Round "1"]
[White "Luc20"]
[Black "Mindthegap"]
[WhiteElo "1850"]
[BlackElo "1420"]
[Result "1-0"]
1.e4 e5
2.Ng1f3 Ng8f6
3.Nf3xe5 d6
4.Ne5f3 Nf6xe4
5.d4 d5
6.Bf1d3 Bf8e7
7.O-O O-O
8.Nb1c3 Ne4xc3
9.bxc3 c5
10.Rf1e1 c4
11.Bd3f1 Nb8d7
12.a4 b6
13.Bc1f4 Rf8e8
14.Nf3e5 f6
15.Ne5c6 { abandon }1-0

[Event "Défi"]
[Site "www.echecsemail.com"]
[Date "2026.02.02"]
[Round "1"]
[White "Roquefort"]
[Black "Jpjay"]
[WhiteElo "1870"]
[BlackElo "1660"]
[Result "1-0"]
1.e4 e5
2.f4 exf4
3.Ng1f3 Nb8c6
4.Bf1e2 d5
5.exd5 Qd8xd5
6.O-O Bf8c5
7.Kh1 Bc8e6
8.Nb1c3 Qd5d7
9.d3 Nc6d4
10.Nf3xd4 Bc5xd4
11.Nc3e4 O-O-O
12.Bc1xf4 f5
13.Ne4c3 Ng8f6
14.Be2f3 Bd4xc3
15.bxc3 h6
16.Ra1b1 Be6d5
17.Bf4e3 Bd5xf3
18.Qd1xf3 g6
19.Qf3xb7 1-0

[Event "Défi"]
[Site "www.echecsemail.com"]
[Date "2026.02.02"]
[Round "1"]
[White "Jlr"]
[Black "Skorpion59"]
[WhiteElo "1360"]
[BlackElo "1360"]
[Result "1-0"]
1.e4 d5
2.exd5 Qd8xd5
3.Nb1c3 Qd5e5
4.Bf1e2 Bc8g4
5.f3 Bg4h5
6.g4 Bh5g6
7.d3 e6
8.d4 Qe5a5
9.Bc1d2 Qa5b4
10.Be2b5 c6
11.Qd1b1 Qb4xd4
12.Ng1e2 Qd4f6
13.Bb5c4 b5
14.Bc4d3 Qf6xf3
15.Rh1f1 Qf3xg4
16.Rf1g1 Qg4h4
17.Ne2g3 Bg6xd3
18.cxd3 Qh4xh2
19.Bd2e3 Bf8d6
20.Ng3f1 Qh2h4
21.Kd2 Bd6f4
22.Be3xf4 Qh4f2
23.Nc3e2 Ng8e7
24.Bf4e3 Qf2h4
25.Rg1xg7 Qh4b4
26.Ne2c3 Ne7f5
27.a3 Qb4d6
28.Nc3e4 Qd6e5
29.Rg7g5 h6
30.Rg5h5 Nf5xe3
31.Rh5xe5 Ne3xf1
32.Qb1xf1 Nb8d7
33.Ne4d6 Ke7
34.Qf1xf7 Kxd6
35.Re5xe6 Kc7
36.Re6e7 Rh8f8
37.Re7xd7 Kb6
38.Rd7b7 Ka6
39.Rb7xa7 Ra8xa7
40.Qf7xf8 h5
41.Qf8c8 Ra7b7
42.Ra1h1 { abandon }1-0

[Event "Jean 8"]
[Site "www.echecsemail.com"]
[Date "2026.02.02"]
[Round "1"]
[White "Orosco"]
[Black "Woluwe1975"]
[WhiteElo "2220"]
[BlackElo "1640"]
[Result "1-0"]
1.e4 e5
2.Ng1f3 f5
3.Nf3xe5 Ng8f6
4.Bf1c4 d5
5.exd5 Bf8d6
6.d4 O-O
7.O-O a6
8.Bc1g5 b5
9.Bc4d3 Bc8b7
10.Bd3xf5 Nf6xd5
11.Bf5e6 { abandon }1-0

[Event "Tournoi n27344"]
[Site "www.echecsemail.com"]
[Date "2026.02.02"]
[Round "1"]
[White "Verson"]
[Black "Bylka"]
[WhiteElo "1870"]
[BlackElo "1770"]
[Result "1-0"]
1.d4 d5
2.Ng1f3 h6
3.e3 a6
4.Bf1d3 Ng8f6
5.Nb1d2 Bc8g4
6.O-O Nb8c6
7.c3 e6
8.e4 dxe4
9.Nd2xe4 Nf6xe4
10.Bd3xe4 Bg4xf3
11.Qd1xf3 Qd8d7
12.Bc1f4 g5
13.Bf4e3 Bf8g7
14.Rf1e1 O-O-O
15.Ra1d1 Kb8
16.d5 exd5
17.Be4xd5 Ka8
18.Bd5xc6 Qd7xc6
19.Qf3xf7 Bg7e5
20.Be3d4 Be5xd4
21.Rd1xd4 Rh8f8
22.Rd4xd8 Rf8xd8
23.Qf7e7 Rd8g8
24.Qe7f7 Rg8d8
25.h3 Qc6d6
26.Qf7e7 Qd6xe7
27.Re1xe7 c6
28.Re7e6 h5
29.Re6e2 h4
30.g3 hxg3
31.fxg3 Ka7
32.Kf2 Rd8f8
33.Kg2 Kb6
34.Re2e5 Rf8g8
35.c4 c5
36.Kf3 Rg8g7
37.b3 Kc6
38.h4 gxh4
39.gxh4 b6
40.h5 Kd6
41.Re5d5 Ke6
42.h6 Rg7h7
43.Rd5h5 Kf6
44.Kf4 Kg6
45.Rh5h3 Kf6
46.a3 Kg6
47.Ke5 Rh7e7
48.Kd6 Re7h7
49.Kc6 { abandon }1-0

[Event "EKRAVENTUPHILIE"]
[Site "www.echecsemail.com"]
[Date "2026.02.02"]
[Round "1"]
[White "4x4"]
[Black "Mindthegap"]
[WhiteElo "1480"]
[BlackElo "1440"]
[Result "1-0"]
1.e4 e5
2.Ng1f3 Ng8f6
3.Nf3xe5 d6
4.Ne5f3 Nf6xe4
5.d4 d5
6.Qd1e2 Bf8d6
7.Nb1c3 O-O
8.Bc1e3 Bd6b4
9.O-O-O Ne4xc3
10.bxc3 Bb4a5
11.Qe2b5 Nb8c6
12.Nf3e5 Ba5xc3
13.Ne5xc6 bxc6
14.Qb5xc6 Ra8b8
15.Qc6xc3 Rf8e8
16.Kd2 { abandon }1-0

[Event "Tetraktus 103"]
[Site "www.echecsemail.com"]
[Date "2026.02.02"]
[Round "1"]
[White "Karkaskat"]
[Black "Skalfa"]
[WhiteElo "2060"]
[BlackElo "1820"]
[Result "0-1"]
1.e4 e5
2.Ng1f3 Nb8c6
3.Bf1c4 h6
4.c3 Ng8f6
5.d3 a6
6.O-O Bf8c5
7.Rf1e1 Nf6g4
8.d4 exd4
9.cxd4 Bc5a7
10.h3 Ng4f6
11.Nb1c3 O-O
12.e5 Nf6h7
13.Bc4b3 Nc6e7
14.Qd1d3 Kh8
15.Bb3c2 Ne7g6
16.h4 h5
17.Nf3g5 Nh7xg5
18.hxg5 d6
19.f4 dxe5
20.fxe5 Qd8xd4
21.Bc1e3 Qd4xd3
22.Bc2xd3 Ng6xe5
23.Bd3c2 Ba7xe3
24.Re1xe3 Ne5c4
25.Re3e7 c6
26.b3 Nc4d6
27.Ra1f1 Kg8
28.g6 Bc8e6
29.gxf7 Be6xf7
30.Nc3e4 Nd6xe4
31.Re7xe4 Bf7g6
32.Re4e2 Rf8xf1
33.Kxf1 Ra8f8
34.Kg1 Bg6xc2
35.Re2xc2 Kh7
36.Rc2e2 Rf8f7
37.Re2e5 Kh6
38.b4 h4
39.Kh2 g5
40.Kh3 Kh5
41.g4 Kg6
42.Re5e6 Kg7
43.Re6e3 Rf7d7
44.a3 Kf7
45.Kg2 Rd7d4
46.Kh3 b5
47.Re3c3 Rd4c4
48.Rc3e3 c5
{ abandon }0-1